[Event "Ostrava Konik op-A"]
[Site "Ostrava"]
[Date "2022.05.06"]
[Round "7"]
[White "Chlevistan, Jakub"]
[Black "Fizer, Marek"]
[Result "1/2-1/2"]
[WhiteElo "2068"]
[BlackElo "1976"]
[PlyCount "98"]
[EventDate "2022.04.30"]
[EventType "swiss"]
[EventRounds "9"]
[EventCountry "CZE"]
[SourceTitle "CBM 208 Extra"]
[Source "ChessBase"]
[SourceDate "2022.07.31"]
[SourceVersion "1"]
[SourceVersionDate "2022.07.31"]
[SourceQuality "1"]

1. Nf3 d5 2. d4 e6 3. c4 Nf6 4. Nc3 c5 5. cxd5 cxd4 6. Nxd4 Nxd5 7. Ndb5 Nxc3 8. Qxd8+ Kxd8 9. Nxc3 Bb4 10. Bd2 Nc6 11. e4 b6 12. 0-0-0 Ke7 13. Bb5 Bxc3 14. Bxc6 Bxd2+ 15. Rxd2 Rb8 16. e5 Rd8 17. Rhd1 Rxd2 18. Rxd2 b5 19. Kc2 Rb6 20. Rd6 f6 21. f4 g5 22. g3 gxf4 23. gxf4 Ra6 24. Kc3 Rxa2 25. Bxb5 Ra1 26. Rc6 Bd7 27. Ra6 Rc1+ 28. Kd2 Rc7 29. Bd3 fxe5 30. fxe5 h6 31. b4 Rb7 32. Kc3 Kf7 33. Be4 Rc7+ 34. Kb3 Bb5 35. Ra1 Bc4+ 36. Ka4 Rd7 37. Bc6 Rd2 38. b5 Rxh2 39. Kb4 Ra2 40. Rxa2 Bxa2 41. Ka5 Bc4 42. Ka6 Kg6 43. Kxa7 Bxb5 44. Bxb5 Kf5 45. Kb6 Kxe5 46. Kc5 h5 47. Bc6 h4 48. Kc4 Kf4 49. Kd3 e5 1/2-1/2

[Event "Ostrava Konik op-A"]
[Site "Ostrava"]
[Date "2022.05.05"]
[Round "6"]
[White "Sernecki, Franciszek"]
[Black "Chlevistan, Jakub"]
[Result "1-0"]
[WhiteElo "2272"]
[BlackElo "2068"]
[PlyCount "51"]
[EventDate "2022.04.30"]
[EventType "swiss"]
[EventRounds "9"]
[EventCountry "CZE"]
[SourceTitle "CBM 208 Extra"]
[Source "ChessBase"]
[SourceDate "2022.07.31"]
[SourceVersion "1"]
[SourceVersionDate "2022.07.31"]
[SourceQuality "1"]

1. d4 Nf6 2. c4 e6 3. Nf3 b6 4. g3 Bb7 5. Bg2 Be7 6. 0-0 0-0 7. Re1 c5 8. d5 exd5 9. Nh4 g6 10. cxd5 d6 11. e4 Nfd7 12. Nf3 Bf6 13. Na3 Ne5 14. Nxe5 Bxe5 15. Nc4 Bd4 16. Bf4 Ba6 17. Nxd6 Bxb2 18. Rb1 Bc3 19. e5 Bxe1 20. Qxe1 g5 21. Bd2 Bd3 22. Ne4 Bxb1 23. Nf6+ Kg7 24. Qxb1 Rh8 25. Bxg5 Qc8 26. d6 1-0

[Event "CZE-chT2F 1718"]
[Site "Czech Republic"]
[Date "2018.03.18"]
[Round "10.7"]
[White "Chlevistan, Jakub"]
[Black "Hrbacek, Miroslav"]
[Result "1/2-1/2"]
[WhiteElo "2110"]
[BlackElo "1956"]
[PlyCount "55"]
[EventDate "2017.10.15"]
[EventType "team-tourn"]
[EventRounds "11"]
[EventCountry "CZE"]
[SourceTitle "EXT 2022"]
[Source "ChessBase"]
[SourceDate "2021.10.06"]
[SourceVersion "1"]
[SourceVersionDate "2021.10.06"]
[SourceQuality "1"]
[WhiteTeam "Poruba Slavoj II"]
[BlackTeam "Vrbno pod Pradedem"]
[WhiteTeamCountry "CZE"]
[BlackTeamCountry "CZE"]

1. Nf3 Nf6 2. c4 e6 3. Nc3 d5 4. d4 Bb4 5. Bg5 Nbd7 6. e3 c6 7. Nd2 Qa5 8. Qc2 0-0 9. Be2 Re8 10. 0-0 e5 11. dxe5 Rxe5 12. Bf4 Re8 13. cxd5 Bxc3 14. Nc4 Qxd5 15. bxc3 Qc5 16. Nd6 Re6 17. Nxc8 Rxc8 18. Qb3 Nb6 19. c4 g5 20. Bg3 h5 21. h3 Ne4 22. Bxh5 Nd2 23. Qc2 Nxf1 24. Bxf7+ Kxf7 25. Qh7+ Ke8 26. Qh5+ Ke7 27. Qh7+ Ke8 28. Qh5+ 1/2-1/2

[Event "CZE-chT2F 1718"]
[Site "Czech Republic"]
[Date "2018.01.28"]
[Round "7.8"]
[White "Chlevistan, Jakub"]
[Black "Konecny, Martin"]
[Result "1-0"]
[WhiteElo "2110"]
[BlackElo "1891"]
[PlyCount "53"]
[EventDate "2017.10.15"]
[EventType "team-tourn"]
[EventRounds "11"]
[EventCountry "CZE"]
[SourceTitle "EXT 2022"]
[Source "ChessBase"]
[SourceDate "2021.10.06"]
[SourceVersion "1"]
[SourceVersionDate "2021.10.06"]
[SourceQuality "1"]
[WhiteTeam "Poruba Slavoj II"]
[BlackTeam "Olomouc ASK"]
[WhiteTeamCountry "CZE"]
[BlackTeamCountry "CZE"]

1. Nf3 c6 2. d4 d6 3. e4 Qc7 4. Bf4 e6 5. Bd3 Nd7 6. Bg3 Ngf6 7. 0-0 Nh5 8. Nbd2 Nxg3 9. fxg3 Be7 10. Qe2 e5 11. c3 0-0 12. Nc4 Re8 13. Ne3 Nb6 14. g4 h6 15. Qf2 Bg5 16. Nf5 Bxf5 17. gxf5 Bf6 18. g4 c5 19. h4 exd4 20. g5 Be5 21. cxd4 cxd4 22. Rac1 Qe7 23. f6 Qe6 24. Qg2 h5 25. g6 Bxf6 26. Ng5 Bxg5 27. gxf7+ 1-0

[Event "CZE-chT2F 1617"]
[Site "Czech Republic"]
[Date "2017.01.29"]
[Round "7.3"]
[White "Vaculik, Jakub"]
[Black "Chlevistan, Jakub"]
[Result "1-0"]
[WhiteElo "2189"]
[BlackElo "2132"]
[PlyCount "111"]
[EventDate "2016.10.09"]
[EventType "team-tourn"]
[EventRounds "11"]
[EventCountry "CZE"]
[SourceTitle "EXT 2022"]
[Source "ChessBase"]
[SourceDate "2021.10.06"]
[SourceVersion "1"]
[SourceVersionDate "2021.10.06"]
[SourceQuality "1"]
[WhiteTeam "Velke Losiny"]
[BlackTeam "Poruba Slavoj II"]
[WhiteTeamCountry "CZE"]
[BlackTeamCountry "CZE"]

1. d4 Nf6 2. Nf3 e6 3. c4 b6 4. g3 Bb7 5. Bg2 Be7 6. 0-0 0-0 7. Nc3 Ne4 8. Qc2 Nxc3 9. Qxc3 c5 10. Be3 d6 11. Rfd1 Qc7 12. Qd3 h6 13. dxc5 bxc5 14. Nd2 Bxg2 15. Kxg2 Nc6 16. Nf3 Rab8 17. Bc1 Rfd8 18. b3 Bf6 19. Rb1 d5 20. Bd2 Nb4 21. Bxb4 Rxb4 22. cxd5 exd5 23. Qf5 Qb7 24. Ne5 Re4 25. Nd3 Rxe2 26. Nxc5 Qb5 27. Qd3 Qxd3 28. Nxd3 Bd4 29. a4 Rc8 30. b4 Rcc2 31. b5 g5 32. Rf1 Red2 33. Nb4 Rxf2+ 34. Rxf2 Rxf2+ 35. Kh1 Kg7 36. a5 Bc5 37. Nxd5 Ra2 38. b6 Rxa5 39. b7 Bd6 40. Ne7 Kf6 41. Nc6 Ra6 42. b8Q Bxb8 43. Nxb8 Ra2 44. Nc6 Kf5 45. Rf1+ Kg4 46. Ne5+ Kh3 47. Nf3 f5 48. Ng1+ Kg4 49. Rf3 f4 50. Rc3 fxg3 51. Rxg3+ Kf4 52. Rh3 g4 53. Rxh6 g3 54. Rh4+ Ke3 55. hxg3 Kf2 56. Rh2+ 1-0

[Event "Ostrava Konik op-A"]
[Site "Ostrava"]
[Date "2016.05.05"]
[Round "6"]
[White "Chlevistan, Jakub"]
[Black "Kabelka, Ondrej"]
[Result "1/2-1/2"]
[WhiteElo "2158"]
[BlackElo "2033"]
[PlyCount "29"]
[EventDate "2016.04.30"]
[EventType "swiss"]
[EventRounds "9"]
[EventCountry "CZE"]
[SourceTitle "CBM 172 Extra"]
[Source "ChessBase"]
[SourceDate "2016.06.21"]
[SourceVersion "1"]
[SourceVersionDate "2016.06.21"]
[SourceQuality "1"]

1. Nf3 d5 2. d4 Nf6 3. c4 dxc4 4. e3 e6 5. Bxc4 c5 6. 0-0 cxd4 7. exd4 Be7 8. Nc3 0-0 9. Bf4 Nc6 10. Rc1 Nb4 11. Qb3 Nbd5 12. Bg3 b6 13. Nxd5 Nxd5 14. Ne5 Bb7 15. Bb5 1/2-1/2

[Event "CZE-chT2F 1516"]
[Site "Czech Republic"]
[Date "2016.03.13"]
[Round "9.22"]
[White "Kawulok, Marek"]
[Black "Chlevistan, Jakub"]
[Result "1/2-1/2"]
[WhiteElo "2142"]
[BlackElo "2158"]
[PlyCount "77"]
[EventDate "2015.10.18"]
[EventType "team-tourn"]
[EventRounds "11"]
[EventCountry "CZE"]
[SourceTitle "EXT 2022"]
[Source "ChessBase"]
[SourceDate "2021.10.06"]
[SourceVersion "1"]
[SourceVersionDate "2021.10.06"]
[SourceQuality "1"]
[WhiteTeam "Cesky Tesin"]
[BlackTeam "Poruba Slavoj II"]
[WhiteTeamCountry "CZE"]
[BlackTeamCountry "CZE"]

1. e4 c5 2. Nc3 e6 3. f4 d5 4. Nf3 dxe4 5. Nxe4 Nc6 6. Bb5 Bd7 7. d3 Be7 8. 0-0 Nf6 9. Be3 b6 10. h3 0-0 11. g4 a6 12. Ba4 Nxe4 13. Bxc6 Bxc6 14. Ne5 Bb7 15. dxe4 Bxe4 16. c3 Qc7 17. Qd7 Ra7 18. Qxc7 Rxc7 19. Rad1 b5 20. Rf2 f6 21. Nd7 Rfc8 22. a4 Bg6 23. a5 Be8 24. Nb6 Rd8 25. Rxd8 Bxd8 26. Rd2 Be7 27. f5 Kf7 28. fxe6+ Kxe6 29. Nd5 Rd7 30. Nxe7 Rxd2 31. Bxd2 Kxe7 32. Kf2 g5 33. b4 Kd6 34. Be3 cxb4 35. cxb4 Kd5 36. Kg3 Ke4 37. Bb6 f5 38. gxf5 Kxf5 39. h4 1/2-1/2

[Event "CZE-chT2F 1516"]
[Site "Czech Republic"]
[Date "2016.01.10"]
[Round "5.44"]
[White "Walter, Szymon"]
[Black "Chlevistan, Jakub"]
[Result "0-1"]
[WhiteElo "2180"]
[BlackElo "2158"]
[PlyCount "78"]
[EventDate "2015.10.18"]
[EventType "team-tourn"]
[EventRounds "11"]
[EventCountry "CZE"]
[SourceTitle "EXT 2022"]
[Source "ChessBase"]
[SourceDate "2021.10.06"]
[SourceVersion "1"]
[SourceVersionDate "2021.10.06"]
[SourceQuality "1"]
[WhiteTeam "Trinec II"]
[BlackTeam "Poruba Slavoj II"]
[WhiteTeamCountry "CZE"]
[BlackTeamCountry "CZE"]

1. e4 c5 2. Nf3 e6 3. d4 cxd4 4. Nxd4 Nf6 5. Nc3 d6 6. g4 h6 7. Bg2 Nc6 8. h3 Qb6 9. Be3 Ne5 10. Ndb5 Qd8 11. Qe2 a6 12. Nd4 Qc7 13. 0-0 Be7 14. Rad1 g5 15. f4 gxf4 16. Bxf4 Nc4 17. Bc1 Bd7 18. Qf2 0-0-0 19. b3 Ne5 20. Bb2 Rdg8 21. Nf3 Nfxg4 22. hxg4 Nxg4 23. Qa7 d5 24. Qa8+ Qb8 25. Qxb8+ Kxb8 26. Rd2 Bc5+ 27. Kh1 Rg5 28. Na4 Rh5+ 29. Bh3 Rxh3+ 30. Kg2 Ne3+ 31. Kxh3 e5+ 32. Kh4 Be7+ 33. Kg3 Nxf1+ 34. Kf2 Nxd2 35. Bxe5+ Kc8 36. Bxh8 Nxe4+ 37. Ke3 Bxa4 38. bxa4 Kd7 39. c4 Bf6 0-1

[Event "Ostrava Konik op-A"]
[Site "Ostrava"]
[Date "2015.05.04"]
[Round "3"]
[White "Simacek, Pavel"]
[Black "Chlevistan, Jakub"]
[Result "1-0"]
[WhiteElo "2438"]
[BlackElo "2121"]
[PlyCount "99"]
[EventDate "2015.05.02"]
[EventType "swiss"]
[EventRounds "9"]
[EventCountry "CZE"]
[SourceTitle "CBM 166 Extra"]
[Source "ChessBase"]
[SourceDate "2015.06.18"]
[SourceVersion "1"]
[SourceVersionDate "2015.06.18"]
[SourceQuality "1"]

1. d4 Nf6 2. c4 e6 3. g3 d5 4. Bg2 dxc4 5. Nf3 c5 6. 0-0 Nc6 7. Qa4 Bd7 8. Qxc4 b5 9. Qd3 Rc8 10. dxc5 Bxc5 11. Nc3 Nb4 12. Qd1 Bc6 13. Qxd8+ Rxd8 14. Bg5 h6 15. Bxf6 gxf6 16. Rfc1 Bb6 17. Ne1 Bxg2 18. Kxg2 Ke7 19. a3 Na6 20. Nxb5 Rd2 21. Rc2 Rxc2 22. Nxc2 Rd8 23. Kf1 Rd2 24. Rc1 Nc5 25. Nbd4 Ne4 26. Nf3 Rd7 27. e3 Rc7 28. Ke2 a5 29. Nfe1 f5 30. Nd3 Nd6 31. a4 Rc4 32. b3 Rc3 33. Na1 Rxc1 34. Nxc1 e5 35. Nc2 Ke6 36. Na3 Kd5 37. Nd3 f6 38. Nb2 Bd8 39. Nac4 Ne4 40. Nd3 Nc3+ 41. Kf1 Nxa4 42. Nxa5 Bxa5 43. bxa4 Kc4 44. Ke2 Kb3 45. Nc5+ Kb4 46. Ne6 Kxa4 47. Ng7 f4 48. exf4 exf4 49. g4 Kb5 50. Nf5 1-0

[Event "Orlova op-A 11th"]
[Site "Orlova"]
[Date "2014.05.26"]
[Round "1"]
[White "Chlevistan, Jakub"]
[Black "Fialka, Adam"]
[Result "1-0"]
[WhiteElo "2157"]
[BlackElo "1543"]
[PlyCount "35"]
[EventDate "2014.05.26"]
[EventType "swiss"]
[EventRounds "9"]
[EventCountry "CZE"]
[SourceTitle "CBM 160 Extra"]
[Source "ChessBase"]
[SourceDate "2014.07.01"]
[SourceVersion "1"]
[SourceVersionDate "2014.07.01"]
[SourceQuality "1"]

1. Nf3 d5 2. d4 e6 3. c4 c6 4. Nc3 Nf6 5. e3 Na6 6. Ne5 Nc7 7. Bd3 Bd7 8. 0-0 Be7 9. e4 0-0 10. Re1 Rc8 11. Qf3 b6 12. Bg5 dxe4 13. Nxe4 Nxe4 14. Bxe4 c5 15. dxc5 bxc5 16. Qd3 f5 17. Qxd7 Qxd7 18. Nxd7 1-0

[Event "CZE-ch"]
[Site "Ostrava"]
[Date "2014.04.29"]
[Round "4"]
[White "Ockay, Tomas"]
[Black "Chlevistan, Jakub"]
[Result "1/2-1/2"]
[WhiteElo "2154"]
[BlackElo "2142"]
[PlyCount "46"]
[EventDate "2014.04.26"]
[EventType "swiss"]
[EventRounds "9"]
[EventCountry "CZE"]
[SourceTitle "CBM 160 Extra"]
[Source "ChessBase"]
[SourceDate "2014.07.01"]
[SourceVersion "1"]
[SourceVersionDate "2014.07.01"]
[SourceQuality "1"]

1. Nf3 c5 2. b3 Nf6 3. Bb2 e6 4. e3 Be7 5. Be2 0-0 6. 0-0 b6 7. c4 Bb7 8. d4 cxd4 9. Nxd4 a6 10. Nc3 d5 11. Bf3 Ra7 12. cxd5 Nxd5 13. Nxd5 Bxd5 14. e4 Ba8 15. Qe2 Rd7 16. Rfd1 Qc7 17. Rac1 Qa7 18. g3 Rfd8 19. Bg2 b5 20. Nc2 Bc5 21. Rxd7 Qxd7 22. b4 Bf8 23. a3 Qa7 1/2-1/2

[Event "CZE-ch"]
[Site "Ostrava"]
[Date "2014.04.26"]
[Round "1"]
[White "Freisler, Pavel"]
[Black "Chlevistan, Jakub"]
[Result "1-0"]
[WhiteElo "2357"]
[BlackElo "2142"]
[PlyCount "65"]
[EventDate "2014.04.26"]
[EventType "swiss"]
[EventRounds "9"]
[EventCountry "CZE"]
[SourceTitle "CBM 160 Extra"]
[Source "ChessBase"]
[SourceDate "2014.07.01"]
[SourceVersion "1"]
[SourceVersionDate "2014.07.01"]
[SourceQuality "1"]

1. Nf3 c5 2. c4 Nf6 3. Nc3 e6 4. g3 b6 5. Bg2 Bb7 6. 0-0 Be7 7. d4 cxd4 8. Qxd4 Nc6 9. Qf4 0-0 10. e4 d6 11. b3 Qb8 12. Bb2 Rd8 13. Rad1 a6 14. Rfe1 b5 15. cxb5 axb5 16. Nxb5 Rxa2 17. Bxf6 Bxf6 18. Rxd6 e5 19. Rxd8+ Bxd8 20. Qc1 Bb6 21. Rf1 Qa8 22. Nc3 Ra3 23. Nd5 Bd8 24. b4 Qa4 25. b5 Nd4 26. Nxd4 exd4 27. Qc5 d3 28. Qd6 Qa8 29. e5 d2 30. e6 Ra1 31. e7 Bxe7 32. Nxe7+ Kh8 33. Qxd2 1-0

[Event "Orlova op 10th"]
[Site "Orlova"]
[Date "2013.05.13"]
[Round "1"]
[White "Ocko, Dominik"]
[Black "Chlevistan, Jakub"]
[Result "0-1"]
[WhiteElo "1423"]
[BlackElo "2119"]
[PlyCount "42"]
[EventDate "2013.05.13"]
[EventType "swiss"]
[EventRounds "9"]
[EventCountry "CZE"]
[SourceTitle "CBM 154 Extra"]
[Source "ChessBase"]
[SourceDate "2013.06.25"]
[SourceVersion "2"]
[SourceVersionDate "2013.06.25"]
[SourceQuality "1"]

1. e4 c5 2. c3 Nf6 3. e5 Nd5 4. Bc4 Nb6 5. Bb3 c4 6. Bc2 Nc6 7. Nf3 d6 8. exd6 e5 9. 0-0 Bxd6 10. d3 cxd3 11. Qxd3 f5 12. Ng5 h6 13. Qh3 Qf6 14. Re1 g6 15. Nf3 Be6 16. b3 0-0-0 17. Nfd2 e4 18. Qe3 Nd5 19. Qe2 Nxc3 20. Qe3 Nd5 21. Qe2 Qxa1 0-1

[Event "CZE-chT2F 1213"]
[Site "Czech Republic"]
[Date "2013.01.20"]
[Round "7.57"]
[White "Chlevistan, Jakub"]
[Black "Fargac, Martin"]
[Result "0-1"]
[WhiteElo "2103"]
[BlackElo "2069"]
[PlyCount "52"]
[EventDate "2012.10.14"]
[EventType "team-tourn"]
[EventRounds "11"]
[EventCountry "CZE"]
[SourceTitle "EXT 2016"]
[Source "ChessBase"]
[SourceDate "2015.10.08"]
[SourceVersion "1"]
[SourceVersionDate "2015.10.08"]
[SourceQuality "1"]
[WhiteTeam "Poruba VOKD"]
[BlackTeam "Trinec II"]
[WhiteTeamCountry "CZE"]
[BlackTeamCountry "CZE"]

1. Nf3 d5 2. d4 Nf6 3. c4 c6 4. Nc3 e6 5. Qb3 Be7 6. Bg5 dxc4 7. Qxc4 b6 8. Rd1 0-0 9. g3 h6 10. Bc1 b5 11. Qd3 b4 12. Na4 Ba6 13. Qc2 Qa5 14. b3 Nbd7 15. Bg2 Rac8 16. 0-0 c5 17. dxc5 Nxc5 18. Nxc5 Rxc5 19. Qb2 Nd5 20. e4 Bxf1 21. Bxf1 Nc3 22. Rd7 Bf6 23. e5 Bxe5 24. Nxe5 Rxe5 25. a3 Re1 26. Bd2 Rxf1+ 0-1